000 00745cam a2200205 i 4500
005 20251116130057.0
008 250721s2000 sy gr 000 0 ara d
082 1 4 _a210.3
_bم ا ر
100 1 _aمارديني، عبد الرحيم.
_eمعد.
245 1 2 _aالموسوعة العلمية الإسلامية /
_cإعداد عبدالرحيم مارديني.
264 3 1 _aدمشق :
_bدار المحبة للطباعة والنشر والتوزيع،
_c2000.
300 _a247 صفحة.
490 0 _aمسابقات فكرية.
650 1 7 _aالإسلام.
650 1 7 _aالإسئلة والأجوبة.
650 1 7 _aالمعارف.
830 0 _aمسابقات فكرية.
942 _2ddc
_cBK
999 _c53434
_d53434